00380nam a2200145Ia 4500008004000000041000800040082001300048100001600061245005400077250000500131260006700136300000800203440000600211650001700217210210b1993 xxu||||| |||| 00| 0 eng d aeng a030 GREA aGreat books aGreat books of western world.60V. V1-Syntopicon:I a aChicago.bEncyclopaedia Britanica, Inc, William Benton.,c1993 a832 a1 aSyntopicon I